Rovers on Mars? - Statistics

General Stats
  • This quiz has been taken 5 times
  • The average score is 2 of 6
Answer Stats
Year Answer % Correct
2012 Curiosity
60%
1997 Sojourner
40%
2023 Ingenuity
20%
2004 Opportunity
20%
2004 Spirit
20%
2021 Perserverence
0%
No matching quizzes found
Score Distribution
Percent of People with Each Score
Percentile by Number Answered
Your Score History
You have not taken this quiz